Cahiers d'histoire de la guerre

محفوظ في:

التنسيق: دورية

اللغة: Undetermined

منشور في: JSTOR
Presses Universitaires de France

الموضوعات:

الوصول للمادة أونلاين: Login to view Source

الوسوم: إضافة وسم

لا توجد وسوم, كن أول من يضع وسما على هذه التسجيلة!

رقم الطلب:

LEADER 00530nas a2200169Ia 4500
008 220214c99999999xx |||||||||||| ||und||
022 |a 1245-9151 
245 0 0 |a Cahiers d'histoire de la guerre 
264 1 |b JSTOR 
264 1 |b Presses Universitaires de France 
362 0 |a (1949)-(1950) 
653 1 0 |a Peace & Conflict Studies 
653 1 0 |a Social Sciences 
856 4 0 |u https://www.jstor.org/journal/cahihistguer 
942 |c JL 
952 |0 0  |1 0  |4 0  |7 1  |9 34433  |a JSR  |b JSR  |d 2022-02-14  |l 0  |r 2022-02-14 00:00:00  |w 2022-02-14  |y JL 
999 |c 42766  |d 42766